Talabartería y zapateria rural: manual práctico para principiantes
Sparad:
| Huvudupphovsman: | |
|---|---|
| Materialtyp: | Bok |
| Språk: | spanska |
| Publicerad: |
Valladolid
Maxtor
2006
|
| Upplaga: | 1a. ed |
| Ämnen: | |
| Taggar: |
Lägg till en tagg
Inga taggar, Lägg till första taggen!
|
MARC
| LEADER | 00000cam a2200000 a 4500 | ||
|---|---|---|---|
| 001 | UCC1530 | ||
| 003 | CL-VaPUC | ||
| 008 | 171104e20060000sp |||||||||||||||||spa|d | ||
| 020 | |a 9788497613132 | ||
| 082 | 0 | 4 | |a 685.3 |b MUS |2 21 |
| 100 | |a Musarra, Aldo |e autor |9 595614 | ||
| 245 | 1 | 0 | |a Talabartería y zapateria rural: manual práctico para principiantes |
| 250 | |a 1a. ed | ||
| 300 | |a 121 p | ||
| 942 | |c BK | ||
| 945 | |d 20171104 20:09:00 |a dcastane | ||
| 260 | |a Valladolid |b Maxtor |c 2006 | ||
| 650 | 0 | |a Zapatería |9 595615 | |
| 650 | 0 | |a Zapatos |9 547583 | |
| 650 | 7 | |a CUEROS Y PIELES |2 CL-VaPUC |9 595616 | |
| 583 | |a last modification |c 20171104 20:09:00 |k Rodrigo Vera | ||
| 999 | |c 369995 |d 369993 | ||
| 952 | |0 0 |1 0 |3 erb |4 0 |6 685_300000000000000_MUS_2006 |7 0 |8 R |9 486237 |a BIBARQ |b BIBARQ |i 5434041 |o 685.3 MUS 2006 |p 5434041 |r 2024-01-16 |w 2019-11-24 |y BK_R |z Catalogado en:20171104 |k ARQ | ||